=LDR 00000nam 2200000 4500 =001 INLIS000000000035087 =005 20130612140952 =008 ***********************************Ind** =035 ##$$0010-061300000035087 =041 ##$$a Ind =082 ##$$a 617.001 =090 ##$$a 617.001, Ark r =100 ##$$a Arkanda, Sumitro =245 ##$$a Ringkasan ilmu bedah, Sumitro Arkanda =260 ##$$a 1987 $b Jakarta =300 ##$$a ix, 188 hlm, 20 cm =650 ##$$a Ilmu Bedah =850 ##$$a NBPNMAT